000 00361 a2200169 4500
001 191364
020 _a85-16-02101-7
040 _cMagnum
100 _aAlencar, Chico
240 1 0 _aO jardim de susana
_lpor
245 1 0 _aO jardim de susana
300 _a31
362 0 _a1998
440 1 _aModerna
697 _aLITERATURA INFANTO-JUVENIL
942 _cBK
999 _c191364
_d191364